<?xml version="1.0" encoding="UTF-8"?><?xml-stylesheet type="text/xsl" href="static/style.xsl"?><OAI-PMH xmlns="http://www.openarchives.org/OAI/2.0/" xmlns:xsi="http://www.w3.org/2001/XMLSchema-instance" xsi:schemaLocation="http://www.openarchives.org/OAI/2.0/ http://www.openarchives.org/OAI/2.0/OAI-PMH.xsd"><responseDate>2026-04-17T14:57:07Z</responseDate><request verb="GetRecord" identifier="oai:www.recercat.cat:2445/47686" metadataPrefix="marc">https://recercat.cat/oai/request</request><GetRecord><record><header><identifier>oai:recercat.cat:2445/47686</identifier><datestamp>2025-12-05T09:26:26Z</datestamp><setSpec>com_2072_1057</setSpec><setSpec>col_2072_478799</setSpec><setSpec>col_2072_478917</setSpec></header><metadata><record xmlns="http://www.loc.gov/MARC21/slim" xmlns:dcterms="http://purl.org/dc/terms/" xmlns:xsi="http://www.w3.org/2001/XMLSchema-instance" xmlns:doc="http://www.lyncode.com/xoai" xsi:schemaLocation="http://www.loc.gov/MARC21/slim http://www.loc.gov/standards/marcxml/schema/MARC21slim.xsd">
   <leader>00925njm 22002777a 4500</leader>
   <datafield ind2=" " ind1=" " tag="042">
      <subfield code="a">dc</subfield>
   </datafield>
   <datafield ind2=" " ind1=" " tag="720">
      <subfield code="a">González Sistal, Ángel</subfield>
      <subfield code="e">author</subfield>
   </datafield>
   <datafield ind2=" " ind1=" " tag="720">
      <subfield code="a">Baltasar Sánchez, Alicia</subfield>
      <subfield code="e">author</subfield>
   </datafield>
   <datafield ind2=" " ind1=" " tag="720">
      <subfield code="a">Sánchez Salmón, Aida</subfield>
      <subfield code="e">author</subfield>
   </datafield>
   <datafield ind2=" " ind1=" " tag="720">
      <subfield code="a">Ruibal Morell, Álvaro</subfield>
      <subfield code="e">author</subfield>
   </datafield>
   <datafield ind2=" " ind1=" " tag="260">
      <subfield code="c">2013-11-12T09:05:16Z</subfield>
   </datafield>
   <datafield ind2=" " ind1=" " tag="260">
      <subfield code="c">2013-11-12T09:05:16Z</subfield>
   </datafield>
   <datafield ind2=" " ind1=" " tag="260">
      <subfield code="c">2013-11</subfield>
   </datafield>
   <datafield ind2=" " ind1=" " tag="520">
      <subfield code="a">This case is described in part in the paragraph of lung carcinoma (chapter 16): Àngel González-Sistal, Alicia Baltasar Sánchez, Michel Herranz Carnero and Álvaro Ruibal Morell (2011). Advances in Medical Imaging Applied to Bone Metastases, Medical Imaging, Dr. Okechukwu Felix Erondu (Ed.), ISBN: 978-953-307-774-1. http://dx.doi.org/10.5772/28519 - http://hdl.handle.net/2445/21498</subfield>
   </datafield>
   <datafield ind2=" " ind1=" " tag="520">
      <subfield code="a">We present a 53-year-old man with a vocal cord paralysis observed as a primary manifestation of lung carcinoma. Tc-99m MDP whole body bone scan were performed and resulted a normal scintiscan. The bone scan does not revealed suspicious foci of uptake. The possibility of bone metastasis was taken into consideration. A whole body F18-FDG-PET scan showed intense uptake in the left upper lung corresponding to the primary tumor. A bronchial biopsy confirmed infiltration by small cell lung carcinoma (SCLC). SCLC is composed of poorly differentiated, rapidly growing cells with disease usually occurring centrally rather than peripherally. It metastasizes early. The whole-body F18-FDG-PET scan clearly demonstrated a focus of increased uptake in the second lumbar vertebral body suspicious for osteolytic metastasis. A lytic bone metastasis was confirmed by MRI. The patient then received therapy and underwent follow up abdominal CT. The scan showed blastic changes in the L2 vertebra suggesting response to treatment.</subfield>
   </datafield>
   <datafield tag="653" ind2=" " ind1=" ">
      <subfield code="a">Ossos</subfield>
   </datafield>
   <datafield tag="653" ind2=" " ind1=" ">
      <subfield code="a">Pulmó</subfield>
   </datafield>
   <datafield tag="653" ind2=" " ind1=" ">
      <subfield code="a">Metàstasi</subfield>
   </datafield>
   <datafield tag="653" ind2=" " ind1=" ">
      <subfield code="a">Radiologia mèdica</subfield>
   </datafield>
   <datafield tag="653" ind2=" " ind1=" ">
      <subfield code="a">Bones</subfield>
   </datafield>
   <datafield tag="653" ind2=" " ind1=" ">
      <subfield code="a">Lung</subfield>
   </datafield>
   <datafield tag="653" ind2=" " ind1=" ">
      <subfield code="a">Metastasis</subfield>
   </datafield>
   <datafield tag="653" ind2=" " ind1=" ">
      <subfield code="a">Medical radiology</subfield>
   </datafield>
   <datafield ind2="0" ind1="0" tag="245">
      <subfield code="a">Osteolytic metastasis detected by F18-FDG PET in a patient with lung carcinoma (WP)</subfield>
   </datafield>
</record></metadata></record></GetRecord></OAI-PMH>